000 00256nam a2200097Ia 4500
001 698679
005 20250826162056.0
008 250824s9999 xx 000 0 und d
245 0 _aAMCANIN RÜYASI (ANTİK)
_cDOSTOYEVSKİ
260 _bANTİK DÜNYA KLASİKLERİ
999 _c698679
_d698679